Network-based education

Rola sietí vo vyučovaní. Klasifikácia a vlastnosti počítačových sietí. Požiadavky na efektívne využívanie počítačových sietí pri vzdelávaní.

Salvato in:
Dettagli Bibliografici
Autore principale: Schmidt, Peter, 1968-
Altri autori: Jurík, Pavol, 1987-
Natura: Capitolo di libro
Lingua:inglese
Soggetti:
Tags: Aggiungi Tag
Nessun Tag, puoi essere il primo ad aggiungerne!!

MARC

LEADER 00000nla a2200000 4500
001 0211521
005 20240502073527.9
041 0 |a eng 
044 |a SK 
245 1 0 |a Network-based education  |c Peter Schmidt, Pavol Jurík 
520 |a Rola sietí vo vyučovaní. Klasifikácia a vlastnosti počítačových sietí. Požiadavky na efektívne využívanie počítačových sietí pri vzdelávaní. 
610 2 0 |a vzdelanie 
610 2 0 |a efektívnosť vzdelávania 
610 2 0 |a vzdelávanie elektronické 
100 1 |a Schmidt, Peter, 1968- 
700 1 |a Jurík, Pavol, 1987-